000 00250nam a2200097Ia 4500
008 230907s9999||||xx |||||||||||||| ||und||
082 _a003.3,COM
245 0 _aComputational methods for solids and fluids:
300 _axii, 493 pages cm
942 _cBK
999 _c597701
_d597701